00382nam a2200145Ia 450000500170000000800410001702000150005808200130007310000150008624500420010125000080014326000380015130000120018950000350020120250623022249.0240331s9999 xx 000 0 und d a9559513613 bDECa323 aDeCosta, J 0aManava himikam pilibanda handinveemak a2nd aColombobJayatissa de costac1992 a60 p ., aA introduction to Human Rights